| 000 | 00352pab a2200145 454500 | ||
|---|---|---|---|
| 008 | 180718b1984 xxu||||| |||| 00| 0 eng d | ||
| 100 | _aSynghal, S. | ||
| 245 | _aIntegrated tribal development projects | ||
| 260 | _c1984 | ||
| 300 | _a6-8 | ||
| 362 | _aSept. | ||
| 650 | _aTribes and Tribal System - India | ||
| 773 | _aKurukshetra | ||
| 909 | _a19688 | ||
| 999 |
_c19688 _d19688 |
||